01772nam a2200433Ia 4500001001200000003000800012006001900020007001500039008004100054010001700095020001800112040002100130035002100151050002300172082002000195100002900215240001800244245020300262260005500465300003200520490002600552500007100578504005100649533015200700600002900852650004800881655002900929700002700958700003000985700002101015700002201036700002101058700002601079710002201105710001701127800004901144856012601193999001901319ebr10412740CaPaEBRm u cr cn|||||||||091118s2010 cauac sb s001 0 eng d z 2009047700 z9780520267190 aCaPaEBRcCaPaEBR a(OCoLC)67139903114aPS1331b.A2 2010eb04a818/.4/09242221 aTwain, Mark,d1835-1910.10aAutobiography10aAutobiography of Mark Twain.nVolume 1h[electronic resource] /ceditor: Harriet Elinor Smith ; associate editors: Benjamin Griffin, Victor Fischer, Michael B. Frank, Sharon K. Goetz, Leslie Myrick. aBerkeley :bUniversity of California Press,c2010. axix, 736 p. :bill., ports.1 aThe Mark Twain Papers a"A publication of the Mark Twain Project of the Bancroft Library." aIncludes bibliographical references and index. aElectronic reproduction.bPalo Alto, Calif. :cebrary,d2013.nAvailable via World Wide Web.nAccess may be limited to ebrary affiliated libraries.10aTwain, Mark,d1835-1910. 0aAuthors, Americany19th centuryvBiography. 7aElectronic books.2local1 aSmith, Harriet Elinor.1 aGriffin, Benjamin,d1968-1 aFischer, Victor.1 aFrank, Michael B.1 aGoetz, Sharon K.1 aMyrick, Leslie Diane.2 aBancroft Library.2 aebrary, Inc.1 aTwain, Mark,d1835-1910.tMark Twain papers.40uhttp://site.ebrary.com/lib/rucke/Doc?id=10412740zAn electronic book accessible through the World Wide Web; click to view c188909d188909